Příklady, úlohy a případové studie pro finanční účetnictví
Gespeichert in:
| 1. Verfasser: | |
|---|---|
| Körperschaft: | |
| Weitere Verfasser: | , |
| Format: | Buch |
| Sprache: | Tschechisch |
| Veröffentlicht: |
Praha
VŠE v Praze, Nakladatelství Oeconomica
2005
|
| Schlagworte: | |
| Tags: |
Keine Tags, Fügen Sie das erste Tag hinzu!
|
MARC
| LEADER | 00000nam$a2200000$$$4500 | ||
|---|---|---|---|
| 001 | 0054043 | ||
| 005 | 20240223112144.3 | ||
| 020 | |a 80-245-0933-8 | ||
| 041 | 0 | |a cze | |
| 044 | |a CZ | ||
| 245 | 1 | 0 | |a Příklady, úlohy a případové studie pro finanční účetnictví |c Dana Dvořáková, Miloslav Janhuba, Jaroslava Roubíčková |
| 264 | 1 | |a Praha |b VŠE v Praze, Nakladatelství Oeconomica |c 2005 | |
| 300 | |a 158 s. | ||
| 610 | 2 | 0 | |a účtovníctvo finančné |
| 610 | 2 | 0 | |a štúdie prípadové |
| 610 | 2 | 0 | |a metódy účtovné |
| 610 | 2 | 0 | |a účtovníctvo |
| 610 | 2 | 0 | |a aktíva |
| 610 | 2 | 0 | |a pasíva |
| 610 | 2 | 0 | |a súvaha |
| 610 | 2 | 0 | |a účty |
| 610 | 2 | 0 | |a výsledok hospodársky |
| 610 | 2 | 0 | |a spotreba |
| 610 | 2 | 0 | |a oceňovanie |
| 610 | 2 | 0 | |a výkazy účtovné |
| 610 | 2 | 0 | |a výsledovka |
| 100 | 1 | |a Dvořáková, Dana | |
| 700 | 1 | |a Janhuba, Miloslav | |
| 700 | 1 | |a Roubíčková, Jaroslava | |
| 710 | 2 | |a Vysoká škola ekonomická v Praze. Fakulta financí a účetnictví | |